Kế toán quản trị

保存先:
書誌詳細
フォーマット: 図書
言語:Undetermined
出版事項: Hà Nội Thống kê 2004
主題:
タグ: タグ追加
タグなし, このレコードへの初めてのタグを付けませんか!
Thư viện lưu trữ: Trung tâm Học liệu Trường Đại học Cần Thơ
LEADER 00418nam a2200157Ia 4500
001 CTU_74954
008 210402s9999 xx 000 0 und d
082 |a 658.1511 
082 |b K250 
245 0 |a Kế toán quản trị 
260 |a Hà Nội 
260 |b Thống kê 
260 |c 2004 
650 |a managerial accounting 
904 |i Tuyến 
980 |a Trung tâm Học liệu Trường Đại học Cần Thơ